000 00840 a2200241 4500
005 20251029110904.0
008 251029b |||||||| |||| 00| 0 eng d
020 _a9781538152852 (pbk)
037 _cTB
040 _aAL
_cAL
041 _2eng
_aeng
084 _aY73.49G R1
245 _aMethods, moments, and ethnographic spaces in Asia
260 _aLanham, Maryland:
_bRowman & Littlefield,
_c2021.
300 _axxxvii, 276p.
365 _b30.00
_cUKP
650 _aSociology
_9849772
650 _aEthnology
_9849773
700 _aAppleton,Nayantara S.
_eeditor.
_9849774
700 _aBennett, Caroline
_eeditor.
_9849775
942 _cTB
_2CC
_n0
_hY73.49G R1
999 _c1435927
_d1435927